|
|
|
|
| LEADER |
00000nab a2200000 a 4500 |
| 001 |
vtls000603393 |
| 003 |
SK-MaSNL |
| 005 |
20260304095258.0 |
| 008 |
250425c1996 xo 0 slo |
| 015 |
|
|
|a SNBRB19rr/mm-uuuuu
|
| 035 |
|
|
|a CL0603532
|
| 035 |
|
|
|a urn:nbn:sk:snk-ab77x5
|
| 035 |
|
|
|a (uuid)58f2bddf-8551-4afa-b496-4841b7e9a80d
|
| 035 |
|
|
|a (urnnbn)urn:nbn:sk:snk:ar-a074xl
|
| 035 |
|
|
|a (sysno)vtls000603393
|
| 040 |
|
|
|a SNKBUCL
|b slo
|c SNKBUCL
|e AACR2
|
| 041 |
0 |
|
|a slo
|
| 044 |
|
|
|a xo
|c SK
|
| 080 |
|
|
|a 331.215.5
|2 1981
|
| 100 |
1 |
|
|a Seidlerová, Anna
|4 aut
|9 11408
|
| 245 |
1 |
0 |
|a Stanovenie priemerného zárobku v organizácii s nerovnomerne rozvrhnutým pracovným časom a 40-hodinovým pracovným týždňom
|c Anna Seidlerová
|
| 650 |
0 |
7 |
|a zárobok priemerný
|2 snkbucl
|9 849159
|
| 655 |
|
7 |
|a články z novín a časopisov
|2 snkbucl
|9 267496
|
| 773 |
0 |
|
|t Mzdy a financie
|g Č. 5-6 (1996), s. 107-108
|
| 850 |
|
|
|a Slovenská národná knižnica
|
| 852 |
|
|
|a Slovenská národná knižnica
|
| 954 |
|
|
|a odborná, vedecká literatúra pôvodná (slovenská)
|2 lita
|
| 958 |
|
|
|a article27
|
| 958 |
|
|
|a NX
|
| 958 |
|
|
|a RK
|
| 958 |
|
|
|a OND
|
| 958 |
|
|
|a EUIPO
|
| 999 |
|
|
|c 2831821
|d 2833751
|